000 00300nam a22001337a 4500
003 SGT
020 _a938426633-7
082 _a615.1
_bGAR
100 _aGARG, DR. RAJEEV
245 _aINDUSTRIAL PHARMACY -I
260 _aINDIA
_bBIRLA PUB.
_c2026
650 _aINDUSTRIAL PHARMACY
942 _2ddc
_cBK
999 _c33064
_d33064